000 00771nam a2200289Ia 4500
001 Z_1244
003 CHAP
008 220113s1991 xx 000 0 und d
010 _a164332
020 _a968-426-556-5
040 _cCHAP
082 _a636.4 B7y
100 _aBrent, Gerry
_915233
245 _aProducción porcina /
_cGerry Brent
260 _aMéxico :
_bEl Manual Moderno,
_c1991
300 _a270 p. :
_bilus
500 _aTraducido de la obra en inglés: The pigman's handbook, 3 ed. de 1987
503 _aC/E, 200577 C. 3
650 _aGanado porcino
_xProducción
_945399
700 _aI. Schincha Felitti, Raúl, traductor.
_9138470
901 _a636.4 B7Y
902 _aM
910 _a1991
942 _c1
942 _cc1
999 _c164332
_d164332